Statistics for Niue Country Quiz

Click here to take the quiz!

General Stats

  • This quiz has been taken 154 times
    (23 since last reset)
  • The average score is 6 of 15

Answer Stats

hintanswer% Correct
Ocean it is surrounded byPacific
100%
Official languageEnglish
79%
Nearest countryTonga
74%
Official languageNiuean
63%
Population (the nearest thousand is accepted)1680
53%
Capital city - actually a villageAlofi
53%
The only overseas city international flights
go to, once a week
Auckland
53%
What is Hanan International?airport
37%
In 2015 Niue became the first country to have 100% availability of what to every home?ADSL Internet
26%
Niue's university, which also has branches in Fiji, Samoa and TongaUniversity of the
{South} {Pacific}
26%
Current monarchCharles III
21%
Title of the country's leader, Dalton Tagelagipremier
11%
2022 Commonwealth Games eventBoxing
5%
2022 Commonwealth Games eventLawn Bowls
5%
2022 Commonwealth Games eventWeightlifting
5%

Score Distribution

Percentile by Number Answered

Percent of People with Each Score

Your Score History

You have not taken this quiz since the last reset